00918nam a22002177a 45000050016000000100014000160200026000300350013000560370013000690820010000822450161000922600051002532700081003043000031003855000050004167000040004667000028005069420024005349990017005589520125005752010080205235.0 aENG-97710 a9788190148184c600.00 aEN-81243 bDBAD/PUB a873.1 aThe Epic of the warriors ;ctranslated by Shankar Narayana D. Poojary [and] edited by Damodar Kalmadyban english translation of the Koti Chennaya Pardana / aChennaibNational Folklor Support Centrec2007 a#508, Fifth Floor, Kaveri Complex, 96, Mahatma Gandhi Road,bChennaie600034 axxii, 414 p. c26 cm (Pbk) aIncludes bibliographical references and index 91706aPoojary, Shankar Narayana D.  aKalmady, Damodar 93977 2ddccENh873.1mTHE c38569d38569 001040718NFICaDBADbDBADd2010-08-02g600.00l0o873.1 THEpEN-81243r2010-08-02 00:00:00t1v600.00w2010-08-02yEN